[Event "Challenge"]
[Site "http://www.queenalice.com/game.php?id=1425912"]
[Date "2016.6.2"]
[Round "-"]
[White "dannyrigler"]
[Black "gillou77"]
[Result "1-0"]
[WhiteElo "1100"]
[BlackElo "1344"]

1. e4 d5 2. e5 d4 3. Nf3 d3 4. cxd3 Nc6 5. Nc3 f5 6. d4 f4 7. d5 Na5 8. d4 e6 9.
dxe6 Nc4 10. Bxc4 Bxe6 11. Bxe6 Ne7 12. Bxf4 Ng6 13. Bg5 Be7 14. Qd2 h6 15. Be3
a5 16. Nd5 c5 17. dxc5 a4 18. O-O Bg5 19. Rfe1 h5 20. Nxg5 Qc7 21. Nxc7+ Kf8 22.
Qd6+ 1-0

[Event "AUTO-BEG-640"]
[Site "http://www.queenalice.com/game.php?id=1427762"]
[Date "2016.6.16"]
[Round "1"]
[White "jezmantis"]
[Black "dannyrigler"]
[Result "1-0"]
[WhiteElo "1323"]
[BlackElo "1452"]

1. d4 d5 2. e3 Nf6 3. Bd3 Nc6 4. f4 Bg4 5. Nf3 h5 6. a3 a5 7. O-O a4 8. Nbd2 g6
9. Qe1 e6 10. Ne5 Ne7 11. c4 Nf5 12. h3 Bxh3 13. gxh3 h4 14. Ndf3 Ng3 15. Rf2
dxc4 16. Nxc4 b5 17. Nce5 Nd5 18. Bxb5+ Ke7 19. Nc6+ Kd7 20. Nfe5+ Kc8 21. Nxd8
Kxd8 22. Nxf7+ Kc8 23. Nxh8 Rb8 24. Qa5 Bd6 25. Bd2 Kd8 26. Rc1 Nf5 27. Nf7+ Ke7
28. Ne5 Kf8 29. Nd7+ Ke7 30. Nxb8 Nb6 31. Na6 Kd8 32. e4 Nxd4 33. Bxa4 Kc8 34.
Qxb6 Kd8 35. Qxd4 Kc8 36. Qxd6 Kb7 37. Rxc7+ Ka8 38. Bc6# 1-0

[Event "AUTO-BEG-640"]
[Site "http://www.queenalice.com/game.php?id=1427763"]
[Date "2016.6.16"]
[Round "1"]
[White "dannyrigler"]
[Black "jezmantis"]
[Result "0-1"]
[WhiteElo "1476"]
[BlackElo "1295"]

1. e4 c5 2. Nc3 Nc6 3. Nf3 a6 4. a4 e6 5. Bc4 Nge7 6. b3 Ng6 7. h4 h6 8. h5 Nge7
9. g4 d5 10. exd5 exd5 11. Be2 Bxg4 12. Ba3 Nf5 13. Rg1 Bxh5 14. Bd3 Nfd4 15.
Be2 Bg6 16. Na2 Bxc2 17. Qc1 Bxb3 18. Qb2 Qe7 19. Nxd4 Nxd4 20. Nc3 Qe5 21. Rg4
Bc4 22. Re4 dxe4 23. Bxc4 Be7 24. Qxb7 Rb8 25. Qxa6 Nc2+ 26. Kd1 Nxa1 27. Bb5+
Kf8 28. Ne2 Nb3 29. Qa7 Rd8 30. Nc3 Qxc3 31. Ke1 Nxd2 32. a5 Qa1+ 33. Ke2 Qf1+
34. Ke3 Bg5+ 35. f4 Bxf4# 0-1

[Event "Challenge"]
[Site "http://www.queenalice.com/game.php?id=1428216"]
[Date "2016.6.19"]
[Round "-"]
[White "Dean20"]
[Black "dannyrigler"]
[Result "1-0"]
[WhiteElo "1554"]
[BlackElo "1100"]

1. e4 e5 2. Nf3 Nc6 3. d4 f6 4. dxe5 fxe5 5. Nc3 Nf6 6. Bc4 a6 7. Ng5 Rg8 8.
Bf7+ Ke7 9. Bxg8 Nxg8 10. Nxh7 Nh6 11. Bg5+ Ke8 12. Qh5+ Nf7 13. Bxd8 Nxd8 14.
Nd5 Ne6 15. Ng5 c6 16. Qxf7+ Kd8 17. Nxe6+ dxe6 18. Qxf8+ Kd7 19. Qe7# 1-0

[Event "AUTO-BEG-641"]
[Site "http://www.queenalice.com/game.php?id=1430179"]
[Date "2016.7.3"]
[Round "1"]
[White "JCFernandes"]
[Black "dannyrigler"]
[Result "0-1"]
[WhiteElo "1228"]
[BlackElo "1412"]

1. e4 e5 2. a3 Nf6 3. Nc3 Nc6 4. Nf3 Bc5 5. h3 h5 6. Ng5 a6 7. Bc4 Rf8 8. Nd5 b5
9. Nxf6+ gxf6 10. Nh7 Rg8 11. Qxh5 bxc4 12. O-O Nd4 13. Ra2 d6 14. b4 Bb6 15.
Qh4 Ne2+ 16. Kh2 Nf4 17. Nxf6+ Kf8 18. Qh6+ Rg7 19. Qh8+ Ke7 20. Qxg7 Be6 21. c3
c6 22. Ng8+ Ke8 23. Nf6+ Ke7 24. Ng8+ Kd7 25. d4 Qh4 26. f3 Nxh3 27. d5 Nf4# 0-1

[Event "AUTO-BEG-641"]
[Site "http://www.queenalice.com/game.php?id=1430180"]
[Date "2016.7.3"]
[Round "1"]
[White "dannyrigler"]
[Black "JCFernandes"]
[Result "1-0"]
[WhiteElo "1408"]
[BlackElo "1228"]

1. e4 d5 2. f3 Nf6 3. d4 dxe4 4. fxe4 Nxe4 5. Nf3 a6 6. Bd3 Bf5 7. Bf4 f6 8. Nc3
Nxc3 9. bxc3 Bxd3 10. cxd3 g5 11. Bg3 Qd7 12. O-O g4 13. Nd2 Bg7 14. Re1 f5 15.
Bh4 Nc6 16. Qe2 O-O-O 17. Nc4 Qe6 18. Qxe6+ Rd7 19. Qxf5 Rf8 20. Qxh7 e6 21.
Rxe6 Rdf7 22. Rae1 b5 23. Rxc6 Kb7 24. Qe4 Rd7 25. Rg6+ Kc8 26. Qa8# 1-0

[Event "Let's Play Chess!"]
[Site "http://www.queenalice.com/game.php?id=1431675"]
[Date "2016.7.16"]
[Round "-"]
[White "dannyrigler"]
[Black "Armynavyclub"]
[Result "0-1"]
[WhiteElo "1429"]
[BlackElo "1404"]

1. e4 e6 2. d4 d5 3. Nc3 Bb4 4. a3 Bxc3+ 5. bxc3 Ne7 6. Nf3 dxe4 7. Ne5 Nbc6 8.
Bb5 Bd7 9. Bg5 Nxe5 10. Be2 N5g6 11. Rb1 Bc6 12. Rf1 h6 13. Bxe7 Qxe7 14. Bh5
Nf4 15. Bg4 h5 16. g3 Ng2+ 17. Ke2 hxg4 18. Rg1 Rxh2 19. Rh1 Rxh1 20. Qxh1 e3
21. Qh8+ Qf8 22. Qh1 Nf4+ 23. Kxe3 Bxh1 24. Rxh1 Nd5+ 25. Kd2 O-O-O 26. c4 Nb6
27. c5 Rxd4+ 28. Kc1 Qxc5 29. Rd1 Qxa3+ 30. Kb1 Rxd1# 0-1

[Event "AUTO-INT-3157"]
[Site "http://www.queenalice.com/game.php?id=1433315"]
[Date "2016.7.26"]
[Round "1"]
[White "chessplayer123"]
[Black "dannyrigler"]
[Result "1-0"]
[WhiteElo "1682"]
[BlackElo "1419"]

1. d4 d5 2. Nf3 Nf6 3. Nc3 Nc6 4. e3 Bf5 5. a3 a5 6. Bd3 Bxd3 7. Qxd3 e6 8. b3
b6 9. Bb2 h5 10. Ne5 Ne7 11. Qb5+ c6 12. Nxc6 Qd7 13. Nxe7 Bxe7 14. Qxd7+ Kxd7
15. O-O Ng4 16. h3 Nh6 17. e4 dxe4 18. Nxe4 f5 19. Ng3 h4 20. Ne2 Rac8 21. c4 g6
22. d5 exd5 23. Bxh8 Rxh8 24. cxd5 Rc8 25. a4 Rc2 26. Nd4 Rd2 27. Rfd1 Rb2 28.
Rab1 Ra2 29. Nb5 Bc5 30. Rf1 f4 31. Nc3 Nf5 32. Nxa2 Ng3 33. Rfd1 g5 34. Rb2 Ba3
35. Rc2 Bc5 36. Rxc5 bxc5 37. fxg3 hxg3 38. Nc3 Kd6 39. Ne4+ Kc7 40. Nxg5 Kd7
41. Kf1 Kd6 42. Ke2 Ke5 43. Kf3 Kf5 44. d6 c4 45. bxc4 Kxg5 46. d7 Kf5 47. d8=Q
Ke5 48. Rd5+ Ke6 49. Kxf4 Kf7 50. Rf5+ Kg6 51. Qg8+ Kh6 52. Rf6+ Kh5 53. Qh8#
1-0

[Event "AUTO-INT-3157"]
[Site "http://www.queenalice.com/game.php?id=1433316"]
[Date "2016.7.26"]
[Round "1"]
[White "dannyrigler"]
[Black "chessplayer123"]
[Result "0-1"]
[WhiteElo "1419"]
[BlackElo "1537"]

1. e4 e5 2. Nf3 d6 3. Nc3 Nc6 4. Bc4 Be7 5. d3 Nf6 6. Ng5 O-O 7. Qf3 Bg4 8. Qg3
Bh5 9. Nd5 Nxd5 10. Bxd5 Kh8 11. f4 Nd4 12. Bb3 Nxb3 13. cxb3 exf4 14. Qxf4 Bxg5
15. Qg3 Bh4 16. Qf2 Bxf2+ 17. Kxf2 f5 18. Be3 fxe4+ 19. Ke1 d5 20. d4 Qh4+ 21.
g3 Qh3 22. Bf2 Qg2 23. Rg1 Qxf2# 0-1

[Event "AUTO-INT-3157"]
[Site "http://www.queenalice.com/game.php?id=1433331"]
[Date "2016.7.26"]
[Round "1"]
[White "brianb65"]
[Black "dannyrigler"]
[Result "1-0"]
[WhiteElo "1875"]
[BlackElo "1422"]

1. Nf3 d5 2. d4 Nc6 3. c4 Be6 4. Nc3 Nf6 5. Bf4 h6 6. e3 g5 7. Be5 g4 8. Bxf6
exf6 9. Nd2 Nb4 10. a3 Nc6 11. Be2 h5 12. Qc2 a5 13. cxd5 Bxd5 14. e4 Be6 15. d5
Nd4 16. Qd1 Bd7 17. O-O Bd6 18. Nc4 f5 19. Nxd6+ cxd6 20. Qxd4 f6 21. Rfe1 Rc8
22. exf5 Bxf5 23. Bxg4+ Kf8 24. Bxf5 Rc7 25. Re3 Rg8 26. Be6 Rgg7 27. Rf3 Ke8
28. Re1 Kf8 29. Rxf6+ Rcf7 30. Rxf7+ Ke8 31. Qxg7 b5 32. Qg8# 1-0

[Event "AUTO-INT-3157"]
[Site "http://www.queenalice.com/game.php?id=1433332"]
[Date "2016.7.26"]
[Round "1"]
[White "dannyrigler"]
[Black "brianb65"]
[Result "0-1"]
[WhiteElo "1422"]
[BlackElo "1877"]

1. e4 c6 2. d4 d5 3. Nc3 e6 4. e5 c5 5. Nf3 c4 6. a4 Bb4 7. h4 Ne7 8. Bg5 O-O 9.
Qd2 a6 10. b3 Qa5 11. Qd1 Bxc3+ 12. Nd2 Bxa1 13. Qxa1 Re8 14. Qa3 Nbc6 15. Rh3
Nxd4 16. Bxe7 Nxc2+ 17. Kd1 Nxa3 18. Bxa3 cxb3 19. Nxb3 Qxa4 20. g4 Qxa3 21. Nd2
Qa1+ 22. Ke2 Qxe5+ 23. Kd1 Bd7 24. Re3 Qa1+ 25. Ke2 Rac8 26. g5 Rc2 27. f4 Bb5+
28. Kf2 Rxd2+ 29. Be2 Qa2 30. h5 Bxe2 31. Kg3 Bxh5 32. Kh4 Rh2+ 33. Rh3 Rxh3+
34. Kxh3 Rc8 35. Kh4 Qh2# 0-1

[Event "AUTO-INT-3157"]
[Site "http://www.queenalice.com/game.php?id=1433341"]
[Date "2016.7.26"]
[Round "1"]
[White "carpio1969"]
[Black "dannyrigler"]
[Result "1-0"]
[WhiteElo "1660"]
[BlackElo "1439"]

1. e4 e5 2. d4 d6 3. Bc4 Nf6 4. f3 Nc6 5. Ne2 a6 6. Nbc3 Qe7 7. Bg5 h6 8. Bh4 g5
9. Bg3 h5 10. O-O g4 11. Bh4 b5 12. Nd5 Qd8 13. Nxf6+ Ke7 14. Nxg4+ Ke8 15. Bxd8
Kxd8 16. Nf6 bxc4 17. Qd2 Be7 18. Nd5 Rg8 19. Qh6 Bh3 20. Ng3 Be6 21. Nxh5 Bh3
22. Ng3 Be6 23. Nf6 Bxf6 24. Qxf6+ Ne7 25. d5 Bd7 26. Qxf7 Rb8 27. b3 Be8 28.
Qf6 c3 29. Nf5 c5 30. Qxe7+ Kc8 31. Nxd6# 1-0

[Event "AUTO-INT-3157"]
[Site "http://www.queenalice.com/game.php?id=1433342"]
[Date "2016.7.26"]
[Round "1"]
[White "dannyrigler"]
[Black "carpio1969"]
[Result "1-0"]
[WhiteElo "1402"]
[BlackElo "1660"]

1. e4 e5 2. Nf3 d6 3. Nc3 c6 4. b4 Nf6 5. Bc4 d5 6. exd5 cxd5 7. Bb5+ Nc6 8.
Nxe5 Bxb4 9. Nxc6 bxc6 10. Bxc6+ Bd7 11. Qe2+ Be7 12. Bxa8 Qxa8 13. Rb1 O-O 14.
Qxe7 d4 15. Ne2 Qxg2 16. Rf1 Bh3 17. Ng3 Re8 18. Rb8 h6 19. Rxe8+ Nxe8 20. Qxe8+
Kh7 21. Qxf7 Qxh2 22. d3 Bxf1 23. Kxf1 Qh4 24. Nf5 Qh1+ 25. Ke2 Qxc1 26. Qxg7#
1-0

[Event "AUTO-BEG-641"]
[Site "http://www.queenalice.com/game.php?id=1438190"]
[Date "2016.8.28"]
[Round "2"]
[White "dannyrigler"]
[Black "korchnoi"]
[Result "0-1"]
[WhiteElo "1374"]
[BlackElo "1459"]

1. e4 e5 2. Nf3 d6 3. Nc3 Nc6 4. Nd5 Nf6 5. c4 Nxd5 6. exd5 Ne7 7. d3 Ng6 8. a4
Be7 9. h4 Nxh4 10. Be2 Nxg2+ 11. Kf1 Nf4 12. b3 Bh3+ 13. Rxh3 Nxh3 14. b4 Nf4
15. b5 h5 0-1

[Event "AUTO-BEG-641"]
[Site "http://www.queenalice.com/game.php?id=1438191"]
[Date "2016.8.28"]
[Round "2"]
[White "korchnoi"]
[Black "dannyrigler"]
[Result "1-0"]
[WhiteElo "1445"]
[BlackElo "1388"]

1. d4 d5 2. Nf3 Nc6 3. e3 Nf6 4. Nc3 h5 5. Be2 g6 6. b3 Bf5 7. a3 a5 8. Bb2 b6
9. Bd3 Bxd3 10. cxd3 e6 11. h3 Bh6 12. Rb1 O-O 13. Ne2 b5 14. Ng3 b4 15. a4 1-0

[Event "AUTO-BEG-641"]
[Site "http://www.queenalice.com/game.php?id=1438192"]
[Date "2016.8.28"]
[Round "2"]
[White "dannyrigler"]
[Black "Jiu_jitsu_BR"]
[Result "0-1"]
[WhiteElo "1402"]
[BlackElo "1458"]

1. e4 e5 2. Nf3 Nc6 3. Nc3 Bb4 4. a3 Bxc3 5. dxc3 Nf6 6. Bd3 O-O 7. h3 d5 8. Ng5
h6 9. exd5 Nxd5 10. Nf3 Re8 11. c4 Nb6 12. c5 Nd5 13. c4 Nf6 14. Nh4 e4 15. Be2
Qe7 16. O-O Nd7 17. g3 Nde5 18. Qd5 Ng4 19. Ng6 Qe6 20. Qh5 Nf6 21. Qh4 fxg6 22.
g4 Nd4 23. Bd1 Qxc4 24. g5 Nf5 25. Qf4 hxg5 26. Qxg5 Qxc5 27. b4 Qe5 28. Bb3+
Be6 29. Rb1 Bxb3 30. Rxb3 Nd4 31. Qxe5 Rxe5 32. Bf4 Re7 33. Rc3 Ne2+ 34. Kg2
Nxc3 35. f3 e3 36. Rc1 Ne2 0-1

[Event "AUTO-BEG-641"]
[Site "http://www.queenalice.com/game.php?id=1438193"]
[Date "2016.8.28"]
[Round "2"]
[White "Jiu_jitsu_BR"]
[Black "dannyrigler"]
[Result "1-0"]
[WhiteElo "1334"]
[BlackElo "1422"]

1. e4 e5 2. Nf3 Nc6 3. Bb5 a6 4. Bxc6 dxc6 5. d4 f6 6. O-O b5 7. dxe5 Qe7 8.
exf6 gxf6 9. Re1 Nh6 10. e5 Qc5 11. exf6+ Kf7 12. Be3 Qf5 13. Nc3 Rg8 14. Qd4
Bc5 15. Qxc5 Qg4 16. g3 Qxf3 17. Bxh6 Re8 18. Rxe8 Bh3 19. Qe7+ Kg6 20. Qg7+ Kh5
21. Qg5# 1-0